000 00706nam a22002057a 4500
005 20251108165017.0
008 250721s1992 xx 000 0 ara d
082 1 4 _a956.07/بحو
100 1 _aالبخيت، محمد عدنان
_eمحرر
245 1 0 _aبحوث في تاريخ بلاد الشام في العصر العثماني /
264 1 _aاربد :
_bجامعة اليرموك،
_c1992.
300 _a121ص
490 0 _aلجنة تاريخ بلاد الشام
650 1 7 _aالإمبراطورية العثمانية 1402-1922
650 1 7 _aتاريخ العرب
650 1 7 _aبلاد الشام
700 1 _aمرزوق، محمد
_eتحرير
942 _2ddc
_cBK
999 _c19818
_d19818